Po Devětaosmdesátém : rozpomínání a přemítání /

Hlavní autor: Pithart, Petr, 1941-
Jazyk: Čeština
Vydáno: Praha : Academia, 2015
Vydání: První vydání
Edice: Pithart, Petr, 1941- Spisy (Academia)
Témata:
Externí odkaz: Digitalizovaný dokument
Fyzický popis: 490 stran ; ilustrace ; 22 cm
Knihy
Uloženo v:
LEADER 02533nam a2200649 i 4500
001 nkc20152682796
003 CZ PrNK
005 20241115132845.0
007 ta
008 150818s2015 xr a e 001 0acze
015 |a cnb002682796 
020 |a 978-80-200-2504-3  |q (vázáno) 
035 |a (OCoLC)931999573 
040 |a ABA001  |b cze  |d OLA001  |e rda 
043 |a e-cs---  |a e-xr--- 
045 |a x8y- 
072 7 |a 323  |x Vnitropolitický vývoj, politický život  |2 Konspekt  |9 15 
080 |a 328/329  |2 MRF 
080 |a 323  |2 MRF 
080 |a (437)  |2 MRF 
080 |a (437.3)  |2 MRF 
080 |a (0:82-4)  |2 MRF 
080 |a (0:82-94)  |2 MRF 
100 1 |a Pithart, Petr,  |d 1941-  |7 jn19981001982  |4 aut 
245 1 0 |a Po Devětaosmdesátém :  |b rozpomínání a přemítání /  |c Petr Pithart 
250 |a První vydání 
264 1 |a Praha :  |b Academia,  |c 2015 
300 |a 490 stran ;  |b ilustrace ;  |c 22 cm 
336 |a text  |b txt  |2 rdacontent 
337 |a bez média  |b n  |2 rdamedia 
338 |a svazek  |b nc  |2 rdacarrier 
490 1 |a Spisy Petra Pitharta ;  |v svazek III 
500 |a Obsahuje rejstřík 
648 4 |a 1990-1994 
648 7 |a 1989-1992  |7 ch460665  |2 czenas 
648 7 |a od 1993  |7 ch462157  |2 czenas 
651 7 |a Československo  |7 ge131689  |x politika a vláda  |y 1989-1992  |2 czenas 
651 7 |a Československo  |7 ge131689  |x společnost a politika  |y 1989-1992  |2 czenas 
651 7 |a Česko  |7 ge128065  |x politika a vláda  |y od 1993  |2 czenas 
651 7 |a Česko  |7 ge128065  |x společnost a politika  |y od 1993  |2 czenas 
651 9 |a Czechoslovakia  |x politics and government  |y 1989-1992  |2 eczenas 
651 9 |a Czechoslovakia  |x society and politics  |y 1989-1992  |2 eczenas 
651 9 |a Czechia  |x politics and government  |y 1993-  |2 eczenas 
651 9 |a Czechia  |x society and politics  |y 1993-  |2 eczenas 
655 7 |a úvahy  |7 fd134000  |2 czenas 
655 7 |a vzpomínky  |7 fd133830  |2 czenas 
655 9 |a essays  |2 eczenas 
655 9 |a reminiscences  |2 eczenas 
800 1 |a Pithart, Petr,  |d 1941-  |t Spisy (Academia)  |0 s 
856 4 1 |u http://www.digitalniknihovna.cz/mzk/uuid/uuid:9377db30-dadc-11ee-8ea1-5ef3fc9bb22f  |y Digitalizovaný dokument  |x NDK 
910 2 |a BOA001  |b 2-1354.952 
928 9 |a Academia, Středisko společných činností AV ČR 
990 |a BK 
995 |a 01 
991 |b 201512  |c NOV 
996 6 |b 2610648650  |c 2-1354.952  |l MZK  |r Sklad / do 1 hodiny  |n 2  |p p.v.  |w 001529221  |u 000010  |a 1  |e BOA001  |j MZK50  |s P 
996 7 |b 2610650203  |c 2-1354.952  |l MZK  |r Sklad / do 1 hodiny  |n 19  |p kup  |w 001529221  |u 000020  |a 1  |e BOA001  |j MZK50  |s A